Państwa Europy graniczące z państwami na literę S (z mapą) - Statystyki

Ogólne statystyki
  • Ten quiz został rozwiązany 77 razy
  • Średni wynik to 17 z 18
Odpowiedzi na mapie
Odpowiedzi zakodowano w zielono-czerwonej skali na mapie do tego quizu, zgodnie z poniższymi procentami.
 
Statystyki odpowiedzi
Państwo % Poprawnych
Norwegia
100%
Polska
100%
Ukraina
100%
Austria
99%
Czechy
99%
Finlandia
99%
Kosowo
99%
Węgry
99%
Włochy
99%
Czarnogóra
97%
Francja
97%
Niemcy
97%
Bośnia i Hercegowina
96%
Chorwacja
96%
Rumunia
96%
Bułgaria
94%
Macedonia Północna
94%
Liechtenstein
87%
Nie znaleziono quizów pasujących do podanych kryteriów
Rozkład punktacji
Procent ludzi z każdym wynikiem
Percentyl według liczby udzielonych odpowiedzi
Twoja historia wyników
Nie rozwiązałeś tego quizu